Guía para el planeamiento y ejecución de proyectos de viviendas de una planta
El propósito de este trabajo es el de proporcionar a los estudiantes de la carrera de Ingeniería Civil y en general a toda aquellas personas que estén relacionadas con la construcción de viviendas, una guía acerca de los lineamientos básicos que rigen la materialización de un proyecto, desde...
| Main Authors: | , , |
|---|---|
| Other Authors: | |
| Format: | Tesis Section = Libro |
| Language: | Undetermined Spanish |
| Published: |
Managua
UNI
1980
|
| Subjects: |
| LEADER | 01075nam a2200241Ia 4500 | ||
|---|---|---|---|
| 008 | 240830s9999 xx 000 0 und d | ||
| 040 | |a BIBLIOTECA-RUPAP Mon 728.64 R457 | ||
| 041 | |a spa | ||
| 082 | |a Mon 728.64 R457 | ||
| 100 | 1 | |a Reyes Sandoval, Francisco | |
| 100 | 1 | |b Solórzano Ramos, Denys | |
| 100 | 1 | |c Díaz Fuenmayor, Guillermo | |
| 245 | 1 | 0 | |a Guía para el planeamiento y ejecución de proyectos de viviendas de una planta |
| 260 | |a Managua |b UNI |c 1980 | ||
| 300 | |a 159 p. :il. | ||
| 502 | |a Tesis (Ingeniero Civil)- UNI, 1980. | ||
| 520 | 3 | |a El propósito de este trabajo es el de proporcionar a los estudiantes de la carrera de Ingeniería Civil y en general a toda aquellas personas que estén relacionadas con la construcción de viviendas, una guía acerca de los lineamientos básicos que rigen la materialización de un proyecto, desde su concepción hasta su ejecución. | |
| 650 | 7 | |a CONSTRUCCIÓN DE VIVIENDAS | |
| 650 | 7 | |b ADMINISTRACIÓN DE PROYECTOS - VIVIENDAS. | |
| 700 | 1 | |a Tutor: | |
| 942 | |c BK |2 ddc | ||
| 991 | |a TESIS | ||
| 999 | |c 17978 | ||